01086 2200313 4500001002100000005001500021035002000036007000300056008004100059082001000100084001600110100002500126245020700151260004700358300003500405500011800440020001500558650001800573990001800591990001800609990001800627990001800645990001800663990001800681990001800699990001800717990001800735990001900753INLIS00000000000040320230519024020 a0010-0721000006ta230519 g 0 ind  a658.3 a658.3 MUR p1 aMurdoko, Widijo Hari1 aPersonal quality management :bMengefektifkan pengelolaan diri dengan mengaktifkan empat pilar kualitas pribadi: kesadaran diri, pengaturan diri, pembiasaan diri, evaluasi diri /cE. Widijo Hari Murdoko aJakarta :bPT Elex Media Komputindo,c2006 axvii, 211 hal. :bill ;c21 cm aPerjalanan dan langkah-langkah kita untuk mewujudkan kualitas pribadi bukanlah sesuatu yang terjadi secara instan a9792086765 4aManajemen SDM a372.4/12/2014 a372.1/12/2014 a372.2/12/2014 a372.3/12/2014 a372.5/12/2014 a372.6/12/2014 a372.7/12/2014 a372.8/12/2014 a372.9/12/2014 a372.10/12/2014